NFL Opening-Day Starting Quarterbacks 2024 - Statistics

General Stats
  • This quiz has been taken 33,439 times
  • The average score is 28 of 32
Answer Stats
Team Quarterback % Correct
Chiefs Patrick Mahomes
97%
Bengals Joe Burrow
96%
Bills Josh Allen
96%
49ers Brock Purdy
95%
Jets Aaron Rodgers
93%
Dolphins Tua Tagovailoa
93%
Cowboys Dak Prescott
92%
Eagles Jalen Hurts
92%
Ravens Lamar Jackson
92%
Buccaneers Baker Mayfield
90%
Bears Caleb Williams
90%
Lions Jared Goff
90%
Packers Jordan Love
90%
Chargers Justin Herbert
88%
Falcons Kirk Cousins
88%
Cardinals Kyler Murray
88%
Rams Matthew Stafford
88%
Jaguars Trevor Lawrence
88%
Broncos Bo Nix
86%
Texans C.J. Stroud
86%
Giants Daniel Jones
86%
Panthers Bryce Young
84%
Browns Deshaun Watson
84%
Seahawks Geno Smith
84%
Commanders Jayden Daniels
84%
Colts Anthony Richardson
82%
Saints Derek Carr
82%
Steelers Justin Fields
81%
Vikings Sam Darnold
79%
Titans Will Levis
72%
Patriots Jacoby Brissett
65%
Raiders Gardner Minshew
63%
No matching quizzes found
Score Distribution
Percent of People with Each Score
Percentile by Number Answered
Your Score History
You have not taken this quiz